书目信息 |
| 题名: |
领袖们
|
|
| 作者: | 尼克松 著 ;刘湖 译 | |
| 分册: | ||
| 出版信息: | 北京 世界知识出版社 1985.10 |
|
| 页数: | 482页 | |
| 开本: | 20cm | |
| 丛书名: | ||
| 单 册: | ||
| 中图分类: | D50 | |
| 科图分类: | ||
| 主题词: | 国际政治--概况 , 国际形势 , 三个世界理论 | |
| 电子资源: | ||
| ISBN: | ||
| 000 | 00660nam0 2200241 45 | |
| 001 | 0301140946 | |
| 005 | 20050627153848.8 | |
| 010 | @dCNY3.00 | |
| 091 | @a11214.15 | |
| 100 | @a20030114d1985 km y0chiy0120 ea | |
| 101 | 0 | @achi@ceng |
| 105 | @aa z 000yy | |
| 200 | 1 | @a领袖们@ALing Xiu Men@f(美)理查德·尼克松著@F(Mei)Li Cha De·Ni Ke Song Zhu@g刘湖等译 |
| 210 | @a北京@c世界知识出版社@d1985.10 | |
| 215 | @a482页@c照片@d20cm | |
| 606 | 0 | @a国际政治@x概况 |
| 606 | 0 | @a国际形势 |
| 606 | 0 | @a三个世界理论 |
| 690 | @aD50@v3 | |
| 701 | 0 | @a尼克松@4著 |
| 702 | 0 | @a刘湖@ALiu Hu@4译 |
| 801 | @aCN@bTSTC@c20020624 | |
| 905 | @dD50@e16-2@b152249@f1 | |
| 领袖们/(美)理查德·尼克松著/刘湖等译.-北京:世界知识出版社,1985.10 |
| 482页:照片;20cm |
| ISBN :CNY3.00 |
| ● |
| 相关链接 |
|
|
|
|
正题名:领袖们
索取号:D50/16-2
 
预约/预借
| 序号 | 登录号 | 条形码 | 馆藏地/架位号 | 状态 | 备注 |
| 1 | 0152248 | 000482150 | 密集书库/ [索取号:D50/16-2] | 在馆 | |
| 2 | 0152249 | 000482141 | 第一样本阅览室/ [索取号:D50/16-2] | 在馆 |